Дело по определению Правительствующего Сената о передержках в суммах Дерптского университета в 1825 году

Доступно только в Электронных читальных залах Найти на картеНа карте
RUSMARC
00003708nmc2a22002413x 450
0010e86a0c7-abec-40d0-887e-645124780c4c
00520260203101451.0
100##$a20250729l18321832k l0rusy0189 ca
1010#$arus
102##$aRU
105##$ay###
1222#$ad
2001#$aДело по определению Правительствующего Сената о передержках в суммах Дерптского университета в 1825 году
$j6 апреля - 12 октября 1832 г.
215##$a13 л.
$d36,5х26 см
251##$cДело
300##$aНа бланке обложки указано: "Отделение третье. Стол контрольный"
371##$aДокумент не является опубликованным и широко распространяемым
461#0$1001a74412a3-3cc5-4d21-8f0a-dfe2fbd9e72d
$12001
$aДепартамент народного просвещения Министерства народного просвещения (1803-1917)
$1251
$cФонд
$1852
$j733
462#0$1001ccc93d8c-a161-4593-b7db-1a3e4c2bc189
$12001
$aДела счетного отделения Департамента народного просвещения за 1819-1838 годы
$1251
$cОпись
$1852
$j111
801#0$aRU
$bРГИА
$c20250729
$gRCR
801#1$aRU
$bГлавНИВЦ
$c20250729
$2rusmarc
801#2$aRU
$bПБ им. Б.Н. Ельцина
$c20260203
$gRCR
$2rusmarc
850##$aРГИА
852##$aРГИА
$eФедеральное казенное учреждение "Российский государственный исторический архив" (РГИА)
$j632
937##$hРГИА
$d12095370
$aASBIBLIO_SCAN
035##$aRusGRCC00088904
856##$uhttp://readingroom.main.prlib.ru/item.aspx?id_node=n200348948&mode=full
Формат отображения